000 01261cam a22003014a 4500
001 2156019
003 ARRUPE
005 20131202144717.0
008 990112s1999 mdu b 001 0 eng
010 _a 99010359
020 _a0801859948 (hardcover : alk. paper)
020 _a0801859956 (pbk. : alk. paper)
040 _aDLC
_cDLC
_dDLC
042 _apcc
050 0 0 _aB56
_b.V75 1999
082 0 0 _a291.1/75
_221
100 1 _aVries, Hent de.
_94558
245 1 0 _aPhilosophy and the turn to religion /
_cHent de Vries.
260 _aBaltimore, Md. :
_bJohns Hopkins University Press,
_c1999.
300 _axviii, 475 p. ;
_c24 cm.
504 _aIncludes bibliographical references (p. [437]-459) and index.
650 0 _aPhilosophy and religion
_xHistory.
_94559
856 4 2 _3Contributor biographical information
_uhttp://www.loc.gov/catdir/bios/jhu051/99010359.html
856 4 2 _3Publisher description
_uhttp://www.loc.gov/catdir/description/jhu052/99010359.html
906 _a7
_bcbc
_corignew
_d1
_eocip
_f19
_gy-gencatlg
942 _2lcc
_cMONOGRAPH
999 _c118890
_d118890